'Pradesh' States of India - Statistics

General Stats
  • This quiz has been taken 29 times
  • The average score is 4 of 5
Answer Stats
Answer % Correct
Uttar Pradesh
100%
Andhra Pradesh
92%
Madhya Pradesh
92%
Arunachal Pradesh
79%
Himachal Pradesh
79%
No matching quizzes found
Score Distribution
Percent of People with Each Score
Percentile by Number Answered
Your Score History
You have not taken this quiz